| 000 | 00000nas 2200000za 4500 |
| 001 | 9.854306 |
| 003 | CaOODSP |
| 005 | 20250204083453 |
| 007 | cr ||||||||||| |
| 008 | 180326u1986uuuuxxc x m o f0###b0fre|d |
| 040 | |aCaOODSP|bfre |
| 043 | |an-cn--- |
| 086 | 1 |aEn49-9F-PDF |
| 130 | 0 |aRapport (Canada. Environnement Canada) |
| 245 | 10|aSérie de la protection de l'environnement |h[ressource électronique] / |cEnvironnement Canada. |
| 246 | 3 |aSérie de rapports de la protection de l'environnement |
| 246 | 3 |aRapport SPE |
| 260 | |aOttawa : |bEnvironnement Canada, |c[1986]- |
| 310 | |aIrrégulier |
| 362 | 1 |aParaît depuis avril 1986. |
| 500 | |aPubli. aussi en anglais sous le titre : Environmental protection series reports. |
| 550 | |aPubli. par Direction générale de la protection de l'environnement; 1994- par Service de la protection de l'environnement. |
| 692 | 07|2gccst|aProtection de l'environnement |
| 710 | 1 |aCanada. |bEnvironnement Canada. |
| 710 | 1 |aCanada. |bDirection générale de la protection de l'environnement. |
| 710 | 1 |aCanada. |bService de la protection de l'environnement. |
| 775 | 08|tEnvironmental protection series reports |w(CaOODSP)9.851520 |